000 003590000a22001450004500
003 MACL
040 _aMACL
090 _c33595
_d33593
100 _aSatya Prakashan
245 _aDA-IICT
_bDhirubhai Ambani Institute of Information & Communication Technology
260 _bSatya Prakashan
_c2001
350 _a275
650 _aTechnology
942 _cBOOK
_k600
999 _c33244
_d33244